000 00452nam a2200157 4500
001 120567
003 ES-MaACL
005 20230906191559.0
007 t|
008 070214s1932 sp r ||||1| spa d
100 1 _aPokrovskii, Mijail Nikolaevich.
_992781
245 1 0 _aHistoria de la cultura rusa /
_cMijail Nikolaevich Pokrovskii.
260 _aMadrid :
_bSuc. de Rivadeneyra,
_c1932.
300 _a345 p. ;
_c20 cm.
852 _aES-MaACL
_jB-12501
999 _c120567
_d120567